[Event "Voronezh op-B 20th"]
[White "Ostryakov, Andrey"]
[Black "Kiselev, Vladislav"]
[Site "Voronezh"]
[Round "2"]
[Result "0-1"]
[Date "2016.06.13"]
[WhiteElo "1153"]
[BlackElo "1741"]
[PlyCount "60"]
[EventDate "2016.06.12"]
[EventType "swiss"]
[EventRounds "9"]
[EventCountry "RUS"]
[SourceTitle "EXT 2017"]
[Source "ChessBase"]
[SourceDate "2016.10.25"]
[SourceVersion "1"]
[SourceVersionDate "2016.10.25"]
[SourceQuality "1"]

1. e4 d6 2. d4 Nf6 3. Nc3 Nbd7 4. Nf3 e5 5. d5 Be7 6. h3 0-0 7. Be3 a6 8. a4 c6 9. Bc4 a5 10. Rb1 Qc7 11. b3 h6 12. Qd3 Nb6 13. b4 axb4 14. Rxb4 c5 15. Rb2 Nxa4 16. Ra2 Bd7 17. Bb5 Nxc3 18. Rxa8 Rxa8 19. Bxd7 Ra1+ 20. Kd2 Nfxe4+ 21. Qxe4 Nxe4+ 22. Kd3 Rxh1 23. Bb5 Ng5 24. Nd2 f5 25. f3 e4+ 26. fxe4 fxe4+ 27. Nxe4 c4+ 28. Bxc4 Nxe4 29. g4 Nc5+ 30. Kd4 Bf6# 0-1

[Event "Voronezh op-B 20th"]
[White "Volovich, Vasily"]
[Black "Ostryakov, Andrey"]
[Site "Voronezh"]
[Round "1"]
[Result "1-0"]
[Date "2016.06.12"]
[WhiteElo "1929"]
[BlackElo "1153"]
[PlyCount "69"]
[EventDate "2016.06.12"]
[EventType "swiss"]
[EventRounds "9"]
[EventCountry "RUS"]
[SourceTitle "EXT 2017"]
[Source "ChessBase"]
[SourceDate "2016.10.25"]
[SourceVersion "1"]
[SourceVersionDate "2016.10.25"]
[SourceQuality "1"]

1. e4 c6 2. Nf3 d5 3. Nc3 Bg4 4. h3 Bh5 5. Be2 e6 6. 0-0 Nf6 7. exd5 Nxd5 8. d4 h6 9. Nxd5 Qxd5 10. Re1 Be7 11. c4 Qd6 12. Be3 Na6 13. a3 Rd8 14. Qb3 Rb8 15. g3 Bf6 16. Bf4 Qd8 17. Bxb8 Qxb8 18. Rad1 0-0 19. Ne5 Bxe2 20. Rxe2 Rd8 21. Nf3 b6 22. Rde1 Qb7 23. Qe3 Kf8 24. Qe4 g6 25. b4 Nc7 26. Ne5 b5 27. Qxc6 Qxc6 28. Nxc6 Rd6 29. Ne5 Bg5 30. f4 Bf6 31. d5 Bxe5 32. fxe5 Ra6 33. d6 Ne8 34. d7 Nc7 35. d8Q+ 1-0